000 00802nam a22002177a 4500
005 20180405130518.0
010 _aENG-103934 B-690720-721
020 _a9788178441139
_c695.00
035 _aEN-87467
037 _bDBAD/PUB
082 _a920
100 _aRavi Ranjan
245 0 0 _aBal Gangadhar Tilak /
_cby Ravi Ranjan [and] M.K. Singh
260 _aNew Delhi
_bK.K. Publications
_c2011
270 _a4806/24, Bharat Ram Road, Darya Ganj
_bNew Delhi
_e110002
300 _a311p.
_c23cm (Hb)
500 _aIncludes bibliographical references and index.
700 1 _935434
_aSingh, M.K.
942 _2ddc
_cEN
_h920
_mTIL
999 _c57488
_d57488